000 00261nam a22001097a 4500
008 260422b |||||||| |||| 00| 0 eng d
100 _aNarayanachar, K S
245 _aRamakatha Sudha
260 _aHubli
_bSahitya Prakashana
_c2016
300 _a344p
942 _2ddc
999 _c1247
_d1247